Manob adhikar (Record no. 548)

MARC details
000 -LEADER
fixed length control field 00421cam a2200181ua 4500
008 - FIXED-LENGTH DATA ELEMENTS--GENERAL INFORMATION
fixed length control field 110409n ii |||gr||||Z||||||eng
040 ## - CATALOGING SOURCE
Transcribing agency MAIN
082 ## - DEWEY DECIMAL CLASSIFICATION NUMBER
Classification number 323.4
245 1# - TITLE STATEMENT
Title Manob adhikar
Statement of responsibility, etc. by Jogeswar Borah
250 ## - EDITION STATEMENT
Edition statement 1st.
260 ## - PUBLICATION, DISTRIBUTION, ETC.
Place of publication, distribution, etc. Jorhat:
Name of publisher, distributor, etc. Unika,
Date of publication, distribution, etc. 2004.
300 ## - PHYSICAL DESCRIPTION
Extent 207:0cm.
700 ## - ADDED ENTRY--PERSONAL NAME
Personal name Borah, Jogeswar.,
Relator term
942 ## - ADDED ENTRY ELEMENTS (KOHA)
Koha item type Books
653 ## - INDEX TERM--UNCONTROLLED
Uncontrolled term Political science
653 ## - INDEX TERM--UNCONTROLLED
Uncontrolled term Manob adhikar
Holdings
Withdrawn status Lost status Damaged status Not for loan Home library Current library Shelving location Date acquired Total Checkouts Full call number Barcode Date last seen Date last checked out Copy number Price effective from Koha item type Source of classification or shelving scheme Collection code Cost, normal purchase price
        Central Library, Naharkatiya College Central Library, Naharkatiya College   19/09/2020 6 323.4 | BOR 16019 26/02/2022 10/02/2022 1 19/09/2020 Books      
        Central Library, Naharkatiya College Central Library, Naharkatiya College General Stacks 28/12/2021 3 323.4 4260 09/03/2024 20/02/2024 2 28/12/2021 Books Dewey Decimal Classification Political Science 100.00

Naharkatiya College © 2020. All rights reserved.

Powered By